Reality butes: selected essays 1995-2015/

Saved in:
Bibliografiske detaljer
Hovedforfatter: LOOTSMA, Bart
Format: Bog
Sprog:engelsk
Udgivet: Verlag GmBH 2016
Tags: Tilføj Tag
Ingen Tags, Vær først til at tagge denne postø!

MARC

LEADER 00000nam a22000007a 4500
008 210817b ||||| |||| 00| 0 eng d
020 |a ISBN: 978-3-99043-366-9 
100 |a LOOTSMA, Bart. 
245 |a Reality butes:  |b selected essays 1995-2015/  |c Bart Lootsma.-  |g 304p. 
260 |b  Verlag GmBH  |c  2016  |h Basel, Switzerland  |i 696465 – EDM  |l NA2543 .T43L87  |m 1. Architectural design – Data processing 
942 |a lcc  |c BK 
999 |c 1562  |d 1562